[Event "FICS rated blitz game"]
[Site "FICS freechess.org"]
[Date "2018.01.01"]
[Round "?"]
[White "carpentaria"]
[Black "raof"]
[Result "0-1"]
[WhiteElo "1194"]
[BlackElo "1246"]
[PlyCount "54"]
[EventDate "2018.??.??"]
[EventType "blitz"]

1. e4 e5 2. Nf3 Nc6 3. c3 Bc5 4. b3 Nf6 5. d3 h6 6. h3 O-O 7. Be2 Be7 8. O-O b6
9. Na3 Ba6 10. Nc4 Bxc4 11. bxc4 d6 12. a4 Na5 13. Nh2 Nb7 14. Be3 c5 15. Ng4
Nd7 16. Bf3 Nf6 17. Nxf6+ Bxf6 18. Bg4 Bg5 19. Bxg5 Qxg5 20. Bd7 Na5 21. Rb1
Rad8 22. Bb5 f5 23. exf5 Rxf5 24. Qe2 Qf6 25. Qe4 Rg5 26. Qd5+ Kh7 27. Bc6 Qg6
0-1

[Event "FICS rated blitz game"]
[Site "FICS freechess.org"]
[Date "2018.01.01"]
[Round "?"]
[White "Hectorcortez"]
[Black "Petasluk"]
[Result "0-1"]
[WhiteElo "1345"]
[BlackElo "1475"]
[PlyCount "56"]
[EventDate "2018.??.??"]
[EventType "blitz"]

1. e4 e5 2. Nf3 Nc6 3. c3 Nf6 4. Bd3 d6 5. Bc2 Be7 6. h3 h6 7. O-O Be6 8. d4
exd4 9. cxd4 Bc4 10. Re1 a5 11. Nbd2 Ba6 12. Nf1 O-O 13. Ng3 Re8 14. Be3 Bf8
15. Qd2 Nb4 16. Bb3 a4 17. Bxa4 Nd3 18. Bxe8 Qxe8 19. Red1 Nxe4 20. Nxe4 Qxe4
21. b4 Bb5 22. Qc3 c6 23. Nd2 Qg6 24. f3 d5 25. Kh1 Bxb4 26. Qb3 Bd6 27. Bg1
Nf4 28. g4 Nxh3 0-1

[Event "FICS rated blitz game"]
[Site "FICS freechess.org"]
[Date "2018.01.01"]
[Round "?"]
[White "JoaoC"]
[Black "robertoluciani"]
[Result "0-1"]
[WhiteElo "1526"]
[BlackElo "1051"]
[PlyCount "96"]
[EventDate "2018.??.??"]
[EventType "blitz"]

1. e4 e5 2. Nf3 Nc6 3. c3 d6 4. Be2 Bg4 5. h3 Bxf3 6. gxf3 Nf6 7. d3 Be7 8. f4
exf4 9. Bxf4 Qd7 10. Nd2 Ne5 11. d4 Ng6 12. Bg5 Nxe4 13. Nxe4 Bxg5 14. Nxg5 h6
15. Nf3 Nf4 16. Qd2 Ng2+ 17. Kd1 O-O-O 18. Kc2 Qf5+ 19. Bd3 Qxf3 20. Rhg1 Qxh3
21. Be4 Nh4 22. Rxg7 Nf3 23. Bxf3 Qxf3 24. Rag1 Qf5+ 25. Kb3 Qd5+ 26. c4 Qc6
27. Rxf7 Qb6+ 28. Kc3 Qa5+ 29. b4 Qa3+ 30. Kc2 Qxa2+ 31. Kd3 Qa3+ 32. Qc3 Qa6
33. Rgg7 Kb8 34. Rxc7 Rhg8 35. Rxg8 Rxg8 36. Re7 d5 37. b5 dxc4+ 38. Qxc4 Qa3+
39. Ke4 Qxe7+ 40. Kd3 Rc8 41. Qd5 Qa3+ 42. Ke4 Re8+ 43. Kf4 Qc1+ 44. Kg3 Qg5+
45. Qxg5 hxg5 46. Kg4 Rf8 47. Kg3 a6 48. b6 a5 {White resigns} 0-1

[Event "FICS rated blitz game"]
[Site "FICS freechess.org"]
[Date "2018.01.01"]
[Round "?"]
[White "jbuky"]
[Black "ecotom"]
[Result "1-0"]
[WhiteElo "1366"]
[BlackElo "1488"]
[PlyCount "47"]
[EventDate "2018.??.??"]
[EventType "blitz"]

1. e4 e5 2. Nf3 Nc6 3. c3 Nf6 4. d4 exd4 5. e5 Ng4 6. cxd4 d6 7. Bb5 dxe5 8.
Bxc6+ bxc6 9. Qa4 Bb7 10. dxe5 Bc5 11. Qxg4 Qe7 12. O-O O-O 13. Bh6 g6 14. Bxf8
Qxf8 15. Nc3 Re8 16. Ne4 Bb6 17. Nf6+ Kg7 18. Nxe8+ Qxe8 19. a3 c5 20. Rfe1 c4
21. Qg5 Kg8 22. Qf6 Qb5 23. e6 Bd5 24. Qxf7+ {Black resigns} 1-0

[Event "FICS rated standard game"]
[Site "FICS freechess.org"]
[Date "2018.01.01"]
[Round "?"]
[White "piaanist"]
[Black "vaspan"]
[Result "1-0"]
[WhiteElo "1395"]
[BlackElo "1616"]
[PlyCount "159"]
[EventDate "2018.??.??"]

1. e4 e5 2. Nf3 Nc6 3. c3 d6 4. Bb5 Bd7 5. d3 Nce7 6. Bxd7+ Qxd7 7. O-O O-O-O
8. Be3 Kb8 9. Nbd2 h6 10. a4 Nc6 11. Qb3 g5 12. a5 a6 13. Qc2 g4 14. Ne1 h5 15.
b4 Bh6 16. g3 Bxe3 17. fxe3 h4 18. Ng2 hxg3 19. hxg3 f6 20. Rfb1 Qh7 21. b5
axb5 22. a6 b6 23. Qb2 Ka7 24. Qxb5 Qh2+ 25. Kf2 Nge7 26. c4 Qh6 27. Nh4 Nd4
28. exd4 Qxd2+ 29. Kf1 Qxd3+ 30. Kf2 Qxd4+ 31. Kf1 Qd3+ 32. Kf2 Qc2+ 33. Ke3
Qh2 34. Rg1 Qc2 35. Rg2 Nd5+ 36. cxd5 Qc5+ 37. Qxc5 bxc5 38. Nf5 Rb8 39. Ne7
Rb3+ 40. Kf2 Rf3+ 41. Ke2 Rb8 42. Nc6+ Ka8 43. Nxb8 Kxb8 44. a7+ Ka8 45. Rgg1
Rb3 46. Rgf1 Rb7 47. Rxf6 Rxa7 48. Rf8+ Kb7 49. Rb1+ Ka6 50. Rc8 Rb7 51. Ra1+
Kb6 52. Rca8 Kb5 53. Rh1 Kc4 54. Rh4 Rb2+ 55. Kf1 Kd3 56. Rxg4 Ke3 57. Ra3+ Kd4
58. Ra6 Ke3 59. Rg7 c4 60. Rc6 Kd3 61. Rgxc7 Kxe4 62. Rxc4+ Kf3 63. Rc3+ Kg4
64. Rd7 Rb6 65. Rc6 Rb1+ 66. Kg2 Rb2+ 67. Kf1 Rb1+ 68. Kg2 Rb2+ 69. Kf1 Kf3 70.
Rc3+ Kg4 71. Rxd6 e4 72. Re6 Kf5 73. Re8 Rb1+ 74. Ke2 Rb2+ 75. Ke3 Rg2 76. Kd4
Rd2+ 77. Kc5 Re2 78. d6 e3 79. Rcxe3 Rxe3 80. Rxe3 1-0

[Event "FICS rated blitz game"]
[Site "FICS freechess.org"]
[Date "2018.01.01"]
[Round "?"]
[White "jezebelben"]
[Black "aguisou"]
[Result "0-1"]
[WhiteElo "1365"]
[BlackElo "1118"]
[PlyCount "86"]
[EventDate "2018.??.??"]
[EventType "blitz"]

1. e4 e5 2. Nf3 Nc6 3. c3 d6 4. d4 f5 5. d5 fxe4 6. dxc6 exf3 7. Qxf3 bxc6 8.
Qxc6+ Bd7 9. Qf3 Nf6 10. Bg5 Be7 11. Bxf6 Bxf6 12. Nd2 O-O 13. Ne4 Be7 14. Be2
Rxf3 15. Bxf3 Bf5 16. O-O Bxe4 17. Bxe4 Qd7 18. f4 Rf8 19. f5 Qb5 20. b3 Qe2
21. Rfe1 Qh5 22. Rf1 Rc8 23. c4 c6 24. Rf3 d5 25. cxd5 cxd5 26. Bxd5+ Kh8 27.
Raf1 Bf6 28. Be6 Rc2 29. Rh3 Qe2 30. Rg3 Bh4 31. Bc4 Rxc4 32. bxc4 Bxg3 33.
hxg3 Qxa2 34. Rd1 Kg8 35. Rd8+ Kf7 36. Rc8 e4 37. c5 e3 38. c6 e2 39. Rc7+ Kf6
40. Rf7+ Kxf7 41. c7 e1=Q+ 42. Kh2 Qc2 43. c8=Q Qxc8 {White resigns} 0-1

[Event "FICS rated blitz game"]
[Site "FICS freechess.org"]
[Date "2018.01.01"]
[Round "?"]
[White "mogonhed"]
[Black "bougnatfred"]
[Result "0-1"]
[WhiteElo "1945"]
[BlackElo "1936"]
[PlyCount "26"]
[EventDate "2018.??.??"]
[EventType "blitz"]

1. e4 e5 2. Nf3 Nc6 3. c3 d5 4. Qa4 f6 5. Bb5 Nge7 6. exd5 Qxd5 7. O-O e4 8.
Nd4 Bd7 9. Bc4 Nxd4 10. Qb4 Nf3+ 11. Kh1 Qh5 12. gxf3 Qxf3+ 13. Kg1 Bh3 0-1

[Event "FICS rated blitz game"]
[Site "FICS freechess.org"]
[Date "2018.01.01"]
[Round "?"]
[White "Robeto"]
[Black "testosteron"]
[Result "0-1"]
[WhiteElo "1505"]
[BlackElo "1548"]
[PlyCount "62"]
[EventDate "2018.??.??"]
[EventType "blitz"]

1. e4 e5 2. Nf3 Nc6 3. c3 Nf6 4. d4 exd4 5. e5 Ng8 6. cxd4 d6 7. Bb5 Bd7 8. O-O
a6 9. Ba4 b5 10. Bb3 Be7 11. Re1 Bg4 12. e6 f6 13. Bd5 Nxd4 14. Qxd4 Bxf3 15.
Bxf3 Rc8 16. Bc6+ Kf8 17. Nc3 Nh6 18. Bxh6 gxh6 19. Qh4 Kg7 20. Re3 Rg8 21. Nd5
Kh8 22. Bd7 Rb8 23. Qxh6 Rg6 24. Qh3 Rg5 25. Nxe7 Qxe7 26. Rc1 c5 27. Qh4 Rbg8
28. g3 c4 29. Qd4 h5 30. h4 Rg4 31. Qb6 Rxh4 0-1

[Event "FICS rated standard game"]
[Site "FICS freechess.org"]
[Date "2018.01.01"]
[Round "?"]
[White "CarveItUp"]
[Black "Iwiilmakuquit"]
[Result "0-1"]
[WhiteElo "1732"]
[BlackElo "1671"]
[PlyCount "64"]
[EventDate "2018.??.??"]

1. e4 e5 2. Nf3 Nc6 3. c3 a6 4. d4 exd4 5. cxd4 Bb4+ 6. Nc3 Ba5 7. Be2 h6 8.
O-O Nge7 9. d5 Nb8 10. Be3 O-O 11. a3 c6 12. d6 Ng6 13. b4 Bb6 14. Bxb6 Qxb6
15. Na4 Qd8 16. Nc5 b6 17. Nd3 Bb7 18. Nde5 Nf4 19. Ng4 f5 20. exf5 Rxf5 21.
Bc4+ Kh8 22. Nge5 Nd5 23. Bxd5 cxd5 24. Qd3 Qf6 25. Rae1 Bc6 26. Nd4 Rxe5 27.
Nxc6 Nxc6 28. f4 Rxe1 29. Rxe1 Qxd6 30. Qf5 Rf8 31. Qg4 Qxf4 32. Qxd7 Qf2+ {
White resigns} 0-1

[Event "FICS rated standard game"]
[Site "FICS freechess.org"]
[Date "2018.01.01"]
[Round "?"]
[White "PickleRick"]
[Black "sceadugenga"]
[Result "1-0"]
[WhiteElo "1823"]
[BlackElo "1670"]
[PlyCount "87"]
[EventDate "2018.??.??"]

1. e4 e5 2. Nf3 Nc6 3. c3 Nf6 4. d3 h6 5. b4 a6 6. h3 d6 7. g4 Be7 8. Nbd2 Nh7
9. Nc4 g5 10. Ne3 h5 11. gxh5 Nf8 12. Nd5 Rxh5 13. Nxe5 Nxe5 14. Qxh5 c6 15.
Nxe7 Qxe7 16. Bxg5 Qe6 17. Be2 Nfg6 18. Bg4 Nxg4 19. hxg4 Qe5 20. Bd2 Qe6 21.
f3 Bd7 22. Qf5 Qe7 23. Qa5 Bc8 24. O-O-O Rb8 25. g5 b6 26. Qa3 Ra8 27. f4 Kd7
28. Qb3 Qf8 29. Rh7 Ke8 30. Rdh1 Be6 31. Qd1 Bxa2 32. f5 Ne7 33. Rh8 Ng8 34.
Qe2 Kd7 35. e5 Re8 36. e6+ fxe6 37. R1h7+ Kd8 38. fxe6 Rxe6 39. Be3 Bb3 40. c4
d5 41. Bxb6+ Kc8 42. Qxe6+ Kb8 43. Qe5+ Ka8 44. Ra7# {Black checkmated} 1-0

[Event "FICS rated lightning game"]
[Site "FICS freechess.org"]
[Date "2018.01.01"]
[Round "?"]
[White "Sasha"]
[Black "kurumo"]
[Result "0-1"]
[WhiteElo "1579"]
[BlackElo "1714"]
[PlyCount "72"]
[EventDate "2018.??.??"]

1. e4 e5 2. Nf3 Nc6 3. c3 d6 4. d4 exd4 5. cxd4 Bg4 6. Be3 Nf6 7. Nbd2 Be7 8.
Bd3 O-O 9. O-O Re8 10. h3 Bxf3 11. Nxf3 Bf8 12. Rc1 Nxe4 13. Qc2 Nf6 14. Bg5 h6
15. Be3 Qe7 16. Rfe1 Nb4 17. Qb3 Nxd3 18. Qxd3 c6 19. Re2 Qd7 20. Rce1 Re7 21.
Bd2 Rae8 22. Bc3 Rxe2 23. Rxe2 Rxe2 24. Qxe2 Qe7 25. Qd3 Nd5 26. Qf5 Nxc3 27.
bxc3 d5 28. Ne5 a6 29. f3 g6 30. Qf4 Bg7 31. Kf2 Bxe5 32. dxe5 Kg7 33. Qd4 f6
34. g3 fxe5 35. Qg4 h5 36. Qc8 e4 0-1

[Event "FICS rated lightning game"]
[Site "FICS freechess.org"]
[Date "2017.12.31"]
[Round "?"]
[White "pikozrout"]
[Black "Geforce"]
[Result "1-0"]
[WhiteElo "2282"]
[BlackElo "2085"]
[PlyCount "51"]
[EventDate "2017.??.??"]
[EventType "swiss"]

1. e4 e5 2. Nf3 Nc6 3. c3 d6 4. d4 Nf6 5. Bd3 Be7 6. O-O O-O 7. Be3 Ng4 8. d5
Nxe3 9. fxe3 Nb8 10. Na3 Nd7 11. Qd2 Nf6 12. Kh1 Ng4 13. Rad1 g6 14. Nc2 Kg7
15. Qe1 h5 16. Bb5 Rh8 17. h3 Nf6 18. Ng5 a6 19. Ba4 Rf8 20. Qf2 Nh7 21. Nxf7
b5 22. Nxd8 Rxf2 23. Ne6+ Bxe6 24. Rxf2 bxa4 25. dxe6 Ng5 26. Nb4 {Black
resigns} 1-0

[Event "Berlin Spandau op"]
[Site "Berlin"]
[Date "2017.12.30"]
[Round "7"]
[White "Neuman, Petr"]
[Black "Noack, Thomas"]
[Result "1-0"]
[WhiteElo "2440"]
[BlackElo "2002"]
[PlyCount "93"]
[EventDate "2017.12.27"]
[EventType "swiss"]
[EventRounds "7"]
[EventCountry "GER"]
[SourceTitle "OM OTB B 201907"]
[Source "Opening Master"]
[SourceDate "2019.07.06"]
[SourceVersion "2"]
[SourceVersionDate "2019.07.06"]
[SourceQuality "1"]

1. e4 e5 2. Nf3 Nc6 3. c3 d5 4. d3 dxe4 5. dxe4 Qxd1+ 6. Kxd1 Bc5 7. Ke1 Nge7
8. b4 Bd6 9. Nbd2 f6 10. Nc4 Be6 11. Be3 a6 12. Nfd2 Nc8 13. Nb3 b6 14. a4 Be7
15. a5 b5 16. Ncd2 Nd6 17. Nc5 Bf7 18. g3 O-O 19. Bh3 Nd8 20. f4 exf4 21. gxf4
N6b7 22. Nd3 Ne6 23. Bg4 Rfd8 24. Ke2 Nf8 25. Rhd1 Nd6 26. Nc5 Nc4 27. Nxc4
Bxc4+ 28. Kf2 Bxc5 29. Bxc5 Bb3 30. Rxd8 Rxd8 31. Bd4 Kf7 32. Bf3 Bc4 33. Rg1
Ne6 34. Ke3 g6 35. h4 c5 36. bxc5 b4 37. f5 Nxd4 38. fxg6+ hxg6 39. cxd4 Ba2
40. Rg2 b3 41. h5 g5 42. Rb2 Rb8 43. Kd3 Rb5 44. Kc3 Rxa5 45. Be2 Ra4 46. c6
Ke7 47. h6 1-0

[Event "Riyadh KSA, World Blitz Ch (w) 2017"]
[Site "Riyadh KSA"]
[Date "2017.12.29"]
[Round "8.30"]
[White "Tokhirjonova, Gulruhbegim"]
[Black "Szczepkowska, Karina"]
[Result "1-0"]
[WhiteElo "2329"]
[BlackElo "2419"]
[PlyCount "119"]
[EventDate "2017.12.29"]
[EventType "swiss (blitz)"]
[EventRounds "22"]
[EventCountry "SAU"]
[SourceTitle "OM OTB B 201907"]
[Source "Opening Master"]
[SourceDate "2019.07.06"]
[SourceVersion "2"]
[SourceVersionDate "2019.07.06"]
[SourceQuality "1"]

1. e4 e5 2. Nf3 Nc6 3. c3 d5 4. Bb5 f6 5. Qa4 Nge7 6. exd5 Qxd5 7. d4 e4 8. c4
Qd6 9. Nfd2 Qxd4 10. O-O Bd7 11. Nb3 Qe5 12. Nc3 a6 13. Be3 Rd8 14. Bxc6 Nxc6
15. Rad1 Bd6 16. g3 Nb4 17. Qa5 Qxa5 18. Nxa5 Rb8 19. Nxe4 Be5 20. f4 Bxb2 21.
Rb1 Ba3 22. Bc5 Bf5 23. Bxb4 Bxb4 24. Rxb4 Bxe4 25. Re1 f5 26. Rxb7 Rxb7 27.
Nxb7 Kf7 28. Nc5 Rb8 29. Nxe4 fxe4 30. Rxe4 Rb1+ 31. Kf2 Rb2+ 32. Re2 Rb4 33.
Rc2 Ke6 34. Ke3 Kf5 35. Kd4 Kg4 36. Kc5 Rb6 37. Rd2 Kh3 38. a4 h5 39. a5 Rg6
40. f5 Rf6 41. Rf2 g6 42. Kd4 Rxf5 43. Re2 g5 44. c5 Rf1 45. Re5 Kxh2 46. Rxg5
Ra1 47. Rxh5+ Kxg3 48. c6 Rc1 49. Kd5 Kf4 50. Rh7 Ra1 51. Rxc7 Rxa5+ 52. Kd6
Ra1 53. Ra7 Rd1+ 54. Ke6 Re1+ 55. Kd7 Rd1+ 56. Kc8 Ke5 57. Rxa6 Kd6 58. c7+ Kc5
59. Kb7 Rb1+ 60. Ka8 1-0

[Event "Gelsenkirchen Silvester op 5th"]
[Site "Gelsenkirchen"]
[Date "2017.12.29"]
[Round "4"]
[White "Angermuende, Dirk"]
[Black "Gebert, Claus"]
[Result "1-0"]
[WhiteElo "1960"]
[BlackElo "1503"]
[PlyCount "73"]
[EventDate "2017.12.27"]
[EventType "swiss"]
[EventRounds "5"]
[EventCountry "GER"]
[SourceTitle "OM OTB B 201907"]
[Source "Opening Master"]
[SourceDate "2019.07.06"]
[SourceVersion "2"]
[SourceVersionDate "2019.07.06"]
[SourceQuality "1"]

1. e4 e5 2. Nf3 Nc6 3. c3 Nf6 4. d4 exd4 5. e5 Nd5 6. cxd4 Bb4+ 7. Bd2 Bxd2+ 8.
Qxd2 d6 9. Bb5 O-O 10. O-O a6 11. Bc4 Nb6 12. Bb3 dxe5 13. d5 Nd4 14. Nxd4 exd4
15. Qxd4 Re8 16. Nc3 Re6 17. Rfe1 Rxe1+ 18. Rxe1 Bd7 19. h3 c6 20. Rd1 Rc8 21.
dxc6 Rxc6 22. Na4 Qf6 23. Qxf6 gxf6 24. Nxb6 Be6 25. Nd5 Kg7 26. Ne3 Rc7 27.
Rd4 Kf8 28. Rh4 Kg7 29. Rf4 Bxb3 30. axb3 Rc1+ 31. Kh2 Rc5 32. Nf5+ Kg6 33. g4
Kg5 34. Kg3 Rc2 35. Rc4 Rxb2 36. Rc8 Rxb3+ 37. f3 1-0

[Event "FICS rated standard game"]
[Site "FICS freechess.org"]
[Date "2017.12.29"]
[Round "?"]
[White "bhekisipho"]
[Black "Tigercek"]
[Result "0-1"]
[WhiteElo "1785"]
[BlackElo "2491"]
[PlyCount "70"]
[EventDate "2017.??.??"]
[EventType "swiss"]

1. e4 e5 2. Nf3 Nc6 3. c3 d5 4. Bb5 dxe4 5. Nxe5 Qd5 6. Nxc6 Qxb5 7. Nd4 Qg5 8.
g3 Qd8 9. d3 c5 10. Nb5 Bd7 11. c4 Bxb5 12. cxb5 exd3 13. O-O Nf6 14. Qf3 Qd5
15. Re1+ Be7 16. Qe3 O-O 17. Nc3 Qd7 18. Qxe7 Rae8 19. Qxe8 Nxe8 20. Be3 b6 21.
Rad1 Nc7 22. a4 Rd8 23. Bf4 Ne6 24. Be3 f5 25. Ne2 Qf7 26. Nf4 Ng5 27. Kg2 Qb7+
28. Kg1 Nf3+ 29. Kf1 Nxe1 30. Kxe1 c4 31. Ne6 Rd6 32. Nd4 g6 33. Kd2 Qe4 34. f3
Qe5 35. Kc3 Qxe3 {White resigns} 0-1

[Event "Abu Dhabi UAE, President Cup 2017"]
[Site "Abu Dhabi UAE"]
[Date "2017.12.28"]
[Round "8.3"]
[White "Ahmad, Al Romaithi"]
[Black "Al Hosani, Omran"]
[Result "1-0"]
[WhiteElo "1643"]
[BlackElo "2116"]
[PlyCount "153"]
[EventDate "2017.12.22"]
[EventType "swiss"]
[EventRounds "9"]
[EventCountry "UAE"]
[SourceTitle "OM OTB B 201907"]
[Source "Opening Master"]
[SourceDate "2019.07.06"]
[SourceVersion "2"]
[SourceVersionDate "2019.07.06"]
[SourceQuality "1"]

1. e4 e5 2. Nf3 Nc6 3. c3 Nf6 4. d4 d6 5. Nbd2 Be7 6. Bd3 O-O 7. O-O Re8 8. d5
Nb8 9. c4 Nbd7 10. Ne1 Nf8 11. Be2 Ng6 12. Nd3 Nd7 13. b4 a5 14. bxa5 Rxa5 15.
Nb3 Ra8 16. Be3 b6 17. Qd2 Nc5 18. Ndxc5 bxc5 19. Na5 Bd7 20. g3 f5 21. exf5
Bxf5 22. Nc6 Qd7 23. a4 Bf6 24. a5 Qc8 25. Bd1 Bh3 26. Re1 Nf4 27. Ra3 Ng2 28.
Re2 Nh4 29. Bg5 Ng6 30. Bxf6 gxf6 31. Ba4 e4 32. Qe1 f5 33. f3 exf3 34. Rxe8+
Qxe8 35. Qxe8+ Rxe8 36. Ra2 Re1+ 37. Kf2 Rf1+ 38. Ke3 f4+ 39. gxf4 Bc8 40. f5
Re1+ 41. Kf2 Rh1 42. Kxf3 Rf1+ 43. Ke2 Rxf5 44. Bc2 Rh5 45. a6 Rxh2+ 46. Kd1
Bxa6 47. Rxa6 Nf4 48. Ra7 h5 49. Rxc7 h4 50. Ne7+ Kf8 51. Nf5 h3 52. Nxd6 Rf2
53. Rf7+ Kg8 54. Bh7+ Kh8 55. Be4 h2 56. Ne8 Ng2 57. Rh7+ Kg8 58. d6 Ne3+ 59.
Ke1 Rf1+ 60. Ke2 Rd1 61. Rxh2 Kf7 62. Kxe3 Kxe8 63. Bc6+ Kf7 64. Rd2 Rxd2 65.
Kxd2 Ke6 66. d7 Ke7 67. Kd3 Kd8 68. Ke4 Ke7 69. Kd5 Kd8 70. Ke6 Kc7 71. Ke7
Kxc6 72. d8=Q Kb7 73. Qd6 Ka7 74. Kd7 Kb7 75. Qxc5 Ka6 76. Qb5+ Ka7 77. Kc7 1-0

[Event "FICS rated blitz game"]
[Site "FICS freechess.org"]
[Date "2017.12.28"]
[Round "?"]
[White "Ninjalysis"]
[Black "Bliep"]
[Result "0-1"]
[WhiteElo "1720"]
[BlackElo "2406"]
[PlyCount "46"]
[EventDate "2017.??.??"]
[EventType "blitz"]

1. e4 e5 2. Nf3 Nc6 3. c3 d5 4. Qa4 Bd7 5. exd5 Nd4 6. Qd1 Nxf3+ 7. Qxf3 Nf6 8.
h3 Bc5 9. d3 a5 10. Bg5 c6 11. Bxf6 Qxf6 12. Qxf6 gxf6 13. dxc6 Bxc6 14. Nd2
Rd8 15. Ne4 Be7 16. O-O-O h5 17. Be2 f5 18. Ng3 f4 19. Nxh5 Bxg2 20. Rh2 f3 21.
Bf1 Bxf1 22. Rxf1 Bg5+ 23. Kc2 Rxh5 0-1

[Event "Arco ITA, 8th Natale Open"]
[Site "Arco ITA"]
[Date "2017.12.27"]
[Round "3.24"]
[White "Pedrotti, Luciano"]
[Black "Calabri, Matilde"]
[Result "1-0"]
[WhiteElo "1766"]
[BlackElo "1427"]
[PlyCount "69"]
[EventDate "2017.12.26"]
[EventType "swiss"]
[EventRounds "7"]
[EventCountry "ITA"]
[SourceTitle "OM OTB B 201907"]
[Source "Opening Master"]
[SourceDate "2019.07.06"]
[SourceVersion "2"]
[SourceVersionDate "2019.07.06"]
[SourceQuality "1"]

1. e4 e5 2. Nf3 Nc6 3. c3 Bc5 4. d3 d6 5. Be2 Nf6 6. O-O O-O 7. Bg5 h6 8. Bh4
Be6 9. Nbd2 Re8 10. b4 Bb6 11. a4 a6 12. Rb1 g5 13. Bg3 Ne7 14. d4 exd4 15.
Nxd4 Bxd4 16. cxd4 d5 17. e5 Ne4 18. Qc2 Bf5 19. Bd3 Nxg3 20. fxg3 Bxd3 21.
Qxd3 Qd7 22. Rf6 Ng6 23. Rbf1 Rf8 24. h3 Rae8 25. b5 Re6 26. Qf5 Qe7 27. Rxe6
Qxe6 28. Qd3 Qb6 29. Rf6 Qa7 30. e6 Ne5 31. Qe3 Nc4 32. Nxc4 dxc4 33. Rxh6 f6
34. Qe4 Re8 35. Qg6+ 1-0

[Event "Budapest Karacsonyi op"]
[Site "Budapest"]
[Date "2017.12.27"]
[Round "1"]
[White "Torok, Tamas Titusz"]
[Black "Deli, Kristof"]
[Result "1-0"]
[WhiteElo "2119"]
[BlackElo "1793"]
[PlyCount "31"]
[EventDate "2017.12.27"]
[EventType "swiss"]
[EventRounds "7"]
[EventCountry "HUN"]
[SourceTitle "OM OTB B 201907"]
[Source "Opening Master"]
[SourceDate "2019.07.06"]
[SourceVersion "2"]
[SourceVersionDate "2019.07.06"]
[SourceQuality "1"]

1. e4 e5 2. Nf3 Nc6 3. c3 Nf6 4. d4 d6 5. d5 Ne7 6. Bd3 c6 7. c4 cxd5 8. cxd5
a6 9. Nc3 Ng6 10. a4 Qb6 11. a5 Qc7 12. Be3 Be7 13. h3 Nh5 14. Bb6 Qd7 15. Bc2
O-O 16. Ba4 1-0

[Event "Sochi Doroshkevich Amateur op"]
[Site "Sochi"]
[Date "2017.12.26"]
[Round "7"]
[White "Kuryshkin, Anatoliy"]
[Black "Yakimenko, Alexander A"]
[Result "0-1"]
[WhiteElo "1973"]
[BlackElo "2182"]
[PlyCount "56"]
[EventDate "2017.12.21"]
[EventType "swiss"]
[EventRounds "9"]
[EventCountry "RUS"]
[SourceTitle "OM OTB B 201907"]
[Source "Opening Master"]
[SourceDate "2019.07.06"]
[SourceVersion "2"]
[SourceVersionDate "2019.07.06"]
[SourceQuality "1"]

1. e4 e5 2. Nf3 Nc6 3. c3 Be7 4. Bb5 Nf6 5. Qa4 O-O 6. O-O Qe8 7. Re1 d6 8. d4
Bd7 9. d5 Nb8 10. Bxd7 Nbxd7 11. b4 a5 12. Qb5 Nb6 13. Qd3 c6 14. Be3 cxd5 15.
Bxb6 dxe4 16. Rxe4 Qc6 17. Rh4 Qxb6 18. Ng5 h6 19. Qh3 Nh7 20. Nf3 Bxh4 21.
Nxh4 axb4 22. Nf5 d5 23. Ne7+ Kh8 24. Nxd5 Rfd8 25. Qf3 Qd6 26. Ne3 Ng5 27. Qe2
Ne4 28. cxb4 Qd4 0-1

[Event "Kendrapara IND, Umar Ali Mem 2017"]
[Site "Kendrapara IND"]
[Date "2017.12.26"]
[Round "5.2"]
[White "Mishra, Soumyaranjan"]
[Black "Smaraki, Mohanty"]
[Result "1/2-1/2"]
[WhiteElo "2197"]
[BlackElo "1814"]
[PlyCount "94"]
[EventDate "2017.12.25"]
[EventType "swiss"]
[EventRounds "9"]
[EventCountry "IND"]
[SourceTitle "OM OTB B 201907"]
[Source "Opening Master"]
[SourceDate "2019.07.06"]
[SourceVersion "2"]
[SourceVersionDate "2019.07.06"]
[SourceQuality "1"]

1. e4 e5 2. Nf3 Nc6 3. c3 d5 4. Qa4 f6 5. Bb5 Nge7 6. d3 a6 7. exd5 Qxd5 8. Bc4
Qd6 9. Qb3 Nd8 10. a4 Be6 11. O-O Nec6 12. Nbd2 Na5 13. Qc2 Nxc4 14. Nxc4 Bxc4
15. dxc4 Ne6 16. Be3 Qc6 17. b3 Be7 18. Nh4 O-O 19. Nf5 Rfe8 20. f4 Bc5 21.
fxe5 fxe5 22. Bxc5 Qxc5+ 23. Kh1 Qc6 24. Rae1 Nf4 25. Re3 Ng6 26. h4 Nf4 27.
Kh2 Rad8 28. g3 Nh5 29. Qe2 Nf6 30. Kg1 g6 31. Nh6+ Kg7 32. Ref3 Qc5+ 33. Kh1
Rf8 34. b4 Qd6 35. Qe3 e4 36. R3f2 Qe5 37. Qg5 Qxg5 38. hxg5 Nh5 39. Rf7+ Rxf7
40. Rxf7+ Kh8 41. Kg2 Re8 42. Rf1 Ng7 43. Rd1 Ne6 44. Rd7 Nxg5 45. Kf2 e3+ 46.
Ke1 Nf3+ 47. Ke2 Ng1+ 1/2-1/2

[Event "Sochi Doroshkevich Amateur op"]
[Site "Sochi"]
[Date "2017.12.25"]
[Round "5"]
[White "Airapetian, Valentin"]
[Black "Gulamirian, Korun"]
[Result "0-1"]
[WhiteElo "1790"]
[BlackElo "1989"]
[PlyCount "76"]
[EventDate "2017.12.21"]
[EventType "swiss"]
[EventRounds "9"]
[EventCountry "RUS"]
[SourceTitle "OM OTB B 201907"]
[Source "Opening Master"]
[SourceDate "2019.07.06"]
[SourceVersion "2"]
[SourceVersionDate "2019.07.06"]
[SourceQuality "1"]

1. e4 e5 2. Nf3 Nc6 3. c3 d5 4. exd5 Qxd5 5. c4 Qe4+ 6. Be2 Be7 7. Nc3 Qg6 8.
Nd5 Bd8 9. d3 Nge7 10. Bd2 Nxd5 11. cxd5 Nd4 12. Qa4+ Bd7 13. Qxd7+ Kxd7 14.
Nxe5+ Kd6 15. Nxg6 hxg6 16. Bd1 Re8+ 17. Be3 Kxd5 18. O-O c6 19. Rc1 Bb6 20. g3
f6 21. Kg2 g5 22. Rh1 Nf5 23. Bb3+ Kd6 24. Bxb6 axb6 25. Rce1 Nd4 26. Bf7 Re7
27. Re4 c5 28. Rxe7 Kxe7 29. Bd5 Kd6 30. Bf7 f5 31. Re1 Rf8 32. Bh5 f4 33. f3
Nc2 34. Re4 b5 35. a3 b6 36. Kf2 Nd4 37. Re1 g6 38. Bg4 Rh8 0-1

[Event "FICS rated blitz game"]
[Site "FICS freechess.org"]
[Date "2017.12.25"]
[Round "?"]
[White "pikozrout"]
[Black "feligres"]
[Result "0-1"]
[WhiteElo "2234"]
[BlackElo "2244"]
[PlyCount "152"]
[EventDate "2017.??.??"]
[EventType "blitz"]

1. e4 e5 2. Nf3 Nc6 3. c3 Nf6 4. d4 Nxe4 5. d5 Ne7 6. Nxe5 Ng6 7. Nxg6 hxg6 8.
Bd3 Nc5 9. Qe2+ Qe7 10. Be3 Nxd3+ 11. Qxd3 Rh5 12. Na3 c6 13. dxc6 dxc6 14. Nc4
Rd5 15. Qe2 Be6 16. h4 Rad8 17. Nd2 Bf5 18. O-O-O Qe6 19. Rhe1 Rd3 20. Nb3
Rxc3+ 21. bxc3 Ba3+ 22. Qb2 Bxb2+ 23. Kxb2 Rxd1 24. Rxd1 Qe4 25. Re1 Qc2+ 26.
Ka3 Be6 27. Bxa7 Qxc3 28. Re3 Qc2 29. g4 b5 30. Bd4 b4+ 31. Kxb4 Qxa2 32. f3
Kf8 33. h5 gxh5 34. gxh5 Kg8 35. Rc3 Kh7 36. Rd3 f6 37. Nc5 Bf7 38. Kc3 Bxh5
39. Kb4 Bg6 40. Rc3 Bf7 41. Na4 Qb1+ 42. Ka3 Qa1+ 43. Kb4 Qd1 44. Bc5 Bd5 45.
f4 Qg4 46. Be3 g5 47. Nb6 gxf4 48. Bf2 Be4 49. Nc4 Qd1 50. Bc5 Qb1+ 51. Ka3 Bd5
52. Rh3+ Kg6 53. Rc3 f3 54. Na5 Qa2+ 55. Kb4 f2 56. Bxf2 Qxf2 57. Nc4 c5+ 58.
Kb5 Qe1 59. Kxc5 Qxc3 60. Kxd5 f5 61. Ne5+ Kf6 62. Nd7+ Ke7 63. Nc5 f4 64. Ne4
Qe3 65. Nc5 f3 66. Ne4 Kd8 67. Nd6 f2 68. Nf7+ Kc7 69. Ng5 Qxg5+ 70. Kc4 Qg2
71. Kd4 Qg7+ 72. Kc4 Qg6 73. Kb4 Qd3 74. Ka4 f1=Q 75. Kb4 Qc1 76. Ka5 Qca3# {
White checkmated} 0-1